000
00332nam a2200133Ia 4500
008
240624s9999 xx 000 0 und d
041
_a
eng
082
_a
577.01 THO
100
_a
THOMAS JACOB
245
_a
ENVIRONMENTAL MANAGEMENT
260
_c
2014
_a
New Delhi
_b
Pearson
300
_a
xix, : 450 : p. : cm. ; 24
365
_c
RS
_b
33
999
_c
24543
_d
24543